History Quiz

Random History or Europe Quiz

European History Quiz Stats

 Plays Quiz not verified by Sporcle

Challenge
Share
Tweet
Embed
Score 0/10 Timer 03:00
0 Plays Today
Question Answer % Correct
At what famous battle was Napoleon's army eventually turned away by combined British and Prussian forces?Waterloo
88.4%
This empire was widely regarded as the 'Sick Man of Europe'Ottoman
71.6%
What Italian city-state rose to power as a result of Papal Banking?Florence
68.4%
This African state became colonized for the personal benefit of the Belgian king.Congo
65.8%
The proposed American economic plan to rebuild post-WW2 Europe.Marshall Plan
62.6%
This war erupted from the English king's claim to the French throne and vice-versa.Hundred Year's War
56.8%
This enlightened thinker once made the comment that the Holy Roman Empire was neither 'Holy, nor Roman, nor an Empire.'Voltaire
43.2%
A Renaissance philosophy that stressed the potential and ultimate power of the individual.Humanism
41.3%
What cultural movement that emerged from the Industrial Revolution emphasized the harmony and beauty of nature?Romanticism
39.4%
He was an infamous opportunist employed by the English to sabotage Spanish interests.Sir Francis Drake
20.6%

You're not logged in!

Compare scores with friends on all Sporcle quizzes.
Join for Free
OR
Log In

You Might Also Like...

Show Comments

Extras

Created Jun 21, 2012ReportNominate
Tags:Europe Quiz

Top Quizzes Today


Score Distribution

Your Account Isn't Verified!

In order to create a playlist on Sporcle, you need to verify the email address you used during registration. Go to your Sporcle Settings to finish the process.

Report this User

Report this user for behavior that violates our Community Guidelines.

Details: